Sporting Rivalries: Who Won More? Quiz Stats

 Plays Quiz Retired Jun 22, 2021

Support Sporcle.
Go Orange.
Score 0/20 Timer 04:00
0 Plays Today
A or % Correct
Tennis Singles Grand Slam Titles: Serena Williams???
86.7%
Boxing Matches: Muhammad Ali???
86.5%
MLB Games: Boston Red Sox???
86.3%
Rugby Union Calcutta Cups: England???
75.2%
F1 Constructors Championships: Ferrari???
74.2%
Tennis Matches: Andre Agassi???
70.6%
Ryder Cups (since 1979): Europe???
68.1%
El Clásico Football Matches: Barcelona???
67.9%
NHL Matches: Boston Bruins???
64.7%
College Football Games: Michigan ???
56.9%
A or % Correct
Derby della Madonnina Football Matches: AC Milan ???
53.7%
NBA All Star Game: East???
52.5%
Rugby League Challenge Cups: St Helens ???
52.4%
Ashes Test Match Wins: Australia???
51.5%
College Basketball Matches: Duke???
49.6%
University Boat Races: Cambridge???
45.2%
MLB All Star Games: American League???
44.3%
NFL Games: Chicago Bears???
43%
Old Firm Football Matches: Celtic???
36.7%
MLB Games: LA Dodgers ???
29.3%

You're not logged in!

Compare scores with friends on all Sporcle quizzes.
OR
Log In
Forgot?

From the Vault

First Names First: Movie Characters

by gingerlover

Movies 2.5m
Yo, Adrian! What's my name again?
Remove Ads.
Support Sporcle.
Get the best of Sporcle when you Go Orange. This ad-free experience offers more features, more stats, and more fun while also helping to support Sporcle. Thank you for becoming a member.

Show Comments

Extras

Top Quizzes Today


Score Distribution

Your Account Isn't Verified!

In order to create a playlist on Sporcle, you need to verify the email address you used during registration. Go to your Sporcle Settings to finish the process.

Report this User

Report this user for behavior that violates our Community Guidelines.

Details: